000 00410nam a22001697a 4500
003 MPLRDC
005 20220104125216.0
008 210129b ||||| |||| 00| 0 eng d
082 _a857.9 QH-6 v.3 c.2
100 _a秦红
245 _a金狮吼. 三
_c
260 _a
_b毅力出版社
_c
300 _b
490 _a秦红小说专辑. 19
650 _a武侠小说
942 _cBK
_o857.9 QH-6 v.3 c.2
999 _c25531
_d25521